000 00959nac a22002777a 4500
001 BR9803789
003 BR-BrBNA
005 20240105122034.0
008 230509b bl.|||m| |||| 00| 0 por d
040 _aBR-BrBNA
_bpor
_cBiblioteca Nacional de Agricultura
072 _aL10
090 _a5212 BR9803789
100 1 _aTeixeira, N.M.
110 1 _aCentro Nacional de Pesquisa de Gado de Leite, Juiz de Fora, MG (Brasil)
_91776
245 1 _aMelhoramento genetico de gado de leite: selecao de vacas e touros
260 3 _aJuiz de Fora, MG (Brasil):
_c1997.
300 _a43 p.
490 _aCircular Tecnica - Centro Nacional de Pesquisa de Gado de Leite (Brazil)
_vno. 43
_xISSN 0100-8757
500 _a12 ref.; 9 tables; 11 illus.
650 _aGado Leiteiro
650 _aMelhoramento Genetico Animal
650 _aSelecao Genetica
650 _aCruzamento Animal
909 _a202312
_bLúcia Elande
_c55
_dLúcia Elande
942 _2AGRIS
_n0
_cMS
999 _c288866
_d288866